<?xml version="1.0" encoding="UTF-8"?>
<record
    xmlns:xsi="http://www.w3.org/2001/XMLSchema-instance"
    xsi:schemaLocation="http://www.loc.gov/MARC21/slim http://www.loc.gov/standards/marcxml/schema/MARC21slim.xsd"
    xmlns="http://www.loc.gov/MARC21/slim">

  <leader>00721nam a22001337a 4500</leader>
  <datafield tag="040" ind1=" " ind2=" ">
    <subfield code="c">RUA</subfield>
  </datafield>
  <datafield tag="082" ind1=" " ind2=" ">
    <subfield code="a">AVM EL 2011 B100 Or.1</subfield>
  </datafield>
  <datafield tag="100" ind1=" " ind2=" ">
    <subfield code="a">EL, SOPHAL.</subfield>
  </datafield>
  <datafield tag="245" ind1=" " ind2=" ">
    <subfield code="a">Utilization of mulberry leaves and ensiled taro on digestibility and nitrogen balance of local crossbred pig, &#x1780;&#x17B6;&#x179A;&#x1794;&#x17D2;&#x179A;&#x17B6;&#x179F;&#x17CB;&#x179F;&#x17D2;&#x179B;&#x17B9;&#x1780;&#x1798;&#x1793; &#x1793;&#x17B7;&#x1784;&#x178F;&#x17D2;&#x179A;&#x17B6;&#x179C;&#x1795;&#x17D2;&#x17A2;&#x17B6;&#x1794;&#x17CB;&#x179B;&#x17BE;&#x1797;&#x17B6;&#x1796;&#x179A;&#x179B;&#x17B6;&#x1799;&#x17A2;&#x17B6;&#x17A0;&#x17B6;&#x179A; &#x1793;&#x17B7;&#x1784;&#x178F;&#x17BB;&#x179B;&#x17D2;&#x1799;&#x1795;&#x17B6;&#x1796;&#x17A2;&#x17B6;&#x179F;&#x17BC;&#x178F;&#x179A;&#x1794;&#x179F;&#x17CB;&#x1787;&#x17D2;&#x179A;&#x17BC;&#x1780;&#x1780;&#x17BC;&#x1793;&#x1780;&#x17B6;&#x178F;&#x17CB;&#x1780;&#x17D2;&#x1793;&#x17BB;&#x1784;&#x179F;&#x17D2;&#x179A;&#x17BB;&#x1780;.</subfield>
  </datafield>
  <datafield tag="260" ind1=" " ind2=" ">
    <subfield code="a">phnom phen</subfield>
    <subfield code="b">RUA</subfield>
    <subfield code="c">2011</subfield>
  </datafield>
  <datafield tag="300" ind1=" " ind2=" ">
    <subfield code="a">IV,41p.</subfield>
    <subfield code="b">ill.</subfield>
    <subfield code="c">29cm.</subfield>
  </datafield>
  <datafield tag="856" ind1=" " ind2=" ">
    <subfield code="u">https://drive.google.com/file/d/1ayJ2v1jj-DBu_HEoIP3VebwWDjE6jtHQ/view?usp=sharing</subfield>
  </datafield>
  <datafield tag="942" ind1=" " ind2=" ">
    <subfield code="c">AVM</subfield>
  </datafield>
  <datafield tag="999" ind1=" " ind2=" ">
    <subfield code="c">2522</subfield>
    <subfield code="d">2522</subfield>
  </datafield>
  <datafield tag="952" ind1=" " ind2=" ">
    <subfield code="0">0</subfield>
    <subfield code="1">0</subfield>
    <subfield code="2">ddc</subfield>
    <subfield code="4">0</subfield>
    <subfield code="6">AVM_EL_2011_000000000000000_B100_OR_1</subfield>
    <subfield code="7">0</subfield>
    <subfield code="9">11582</subfield>
    <subfield code="a">LBB</subfield>
    <subfield code="b">LBB</subfield>
    <subfield code="c">B100</subfield>
    <subfield code="d">2015-10-22</subfield>
    <subfield code="o">AVM EL 2011 B100 Or.1</subfield>
    <subfield code="p">RUA015934</subfield>
    <subfield code="r">2015-10-22</subfield>
    <subfield code="w">2015-10-22</subfield>
    <subfield code="y">AVM</subfield>
  </datafield>
  <datafield tag="952" ind1=" " ind2=" ">
    <subfield code="0">0</subfield>
    <subfield code="1">0</subfield>
    <subfield code="2">ddc</subfield>
    <subfield code="4">0</subfield>
    <subfield code="6">AVM_EL_2011_000000000000000_B100_OR_2</subfield>
    <subfield code="7">0</subfield>
    <subfield code="9">11583</subfield>
    <subfield code="a">LBB</subfield>
    <subfield code="b">LBB</subfield>
    <subfield code="c">B100</subfield>
    <subfield code="d">2015-10-22</subfield>
    <subfield code="o">AVM EL 2011 B100 Or.2</subfield>
    <subfield code="p">RUA019091</subfield>
    <subfield code="r">2015-10-22</subfield>
    <subfield code="w">2015-10-22</subfield>
    <subfield code="y">AVM</subfield>
  </datafield>
  <datafield tag="952" ind1=" " ind2=" ">
    <subfield code="0">0</subfield>
    <subfield code="1">0</subfield>
    <subfield code="2">ddc</subfield>
    <subfield code="4">0</subfield>
    <subfield code="6">AVM_EL_2011_000000000000000_B100_OR_3</subfield>
    <subfield code="7">0</subfield>
    <subfield code="9">11584</subfield>
    <subfield code="a">LBB</subfield>
    <subfield code="b">LBB</subfield>
    <subfield code="c">B100</subfield>
    <subfield code="d">2015-10-22</subfield>
    <subfield code="o">AVM EL 2011 B100 Or.3</subfield>
    <subfield code="p">RUA019163</subfield>
    <subfield code="r">2015-10-22</subfield>
    <subfield code="w">2015-10-22</subfield>
    <subfield code="y">AVM</subfield>
  </datafield>
  <datafield tag="952" ind1=" " ind2=" ">
    <subfield code="0">0</subfield>
    <subfield code="1">0</subfield>
    <subfield code="2">ddc</subfield>
    <subfield code="4">0</subfield>
    <subfield code="6">AVM_EL_2011_000000000000000_B100_OR_4</subfield>
    <subfield code="7">0</subfield>
    <subfield code="9">11585</subfield>
    <subfield code="a">LBB</subfield>
    <subfield code="b">LBB</subfield>
    <subfield code="c">B100</subfield>
    <subfield code="d">2015-10-22</subfield>
    <subfield code="o">AVM EL 2011 B100 Or.4</subfield>
    <subfield code="p">RUA019300</subfield>
    <subfield code="r">2015-10-22</subfield>
    <subfield code="w">2015-10-22</subfield>
    <subfield code="y">AVM</subfield>
  </datafield>
  <datafield tag="952" ind1=" " ind2=" ">
    <subfield code="0">0</subfield>
    <subfield code="1">0</subfield>
    <subfield code="2">ddc</subfield>
    <subfield code="4">0</subfield>
    <subfield code="6">AVM_EL_2011_000000000000000_B100_OR_5</subfield>
    <subfield code="7">0</subfield>
    <subfield code="9">11586</subfield>
    <subfield code="a">LBB</subfield>
    <subfield code="b">LBB</subfield>
    <subfield code="c">B100</subfield>
    <subfield code="d">2015-10-22</subfield>
    <subfield code="o">AVM EL 2011 B100 Or.5</subfield>
    <subfield code="p">RUA019372</subfield>
    <subfield code="r">2015-10-22</subfield>
    <subfield code="w">2015-10-22</subfield>
    <subfield code="y">AVM</subfield>
  </datafield>
  <datafield tag="952" ind1=" " ind2=" ">
    <subfield code="0">0</subfield>
    <subfield code="1">0</subfield>
    <subfield code="2">ddc</subfield>
    <subfield code="4">0</subfield>
    <subfield code="6">AVM_EL_2011_000000000000000_B100_OR_6</subfield>
    <subfield code="7">0</subfield>
    <subfield code="9">11587</subfield>
    <subfield code="a">LBB</subfield>
    <subfield code="b">LBB</subfield>
    <subfield code="c">B100</subfield>
    <subfield code="d">2015-10-22</subfield>
    <subfield code="o">AVM EL 2011 B100 Or.6</subfield>
    <subfield code="p">RUA016156</subfield>
    <subfield code="r">2015-10-22</subfield>
    <subfield code="w">2015-10-22</subfield>
    <subfield code="y">AVM</subfield>
  </datafield>
  <datafield tag="952" ind1=" " ind2=" ">
    <subfield code="0">0</subfield>
    <subfield code="1">0</subfield>
    <subfield code="2">ddc</subfield>
    <subfield code="4">0</subfield>
    <subfield code="6">AVM_EL_2011_000000000000000_B100_OR7</subfield>
    <subfield code="7">0</subfield>
    <subfield code="9">11588</subfield>
    <subfield code="a">LBB</subfield>
    <subfield code="b">LBB</subfield>
    <subfield code="c">B100</subfield>
    <subfield code="d">2015-10-22</subfield>
    <subfield code="l">2</subfield>
    <subfield code="o">AVM EL 2011 B100 Or7</subfield>
    <subfield code="p">RUA016006</subfield>
    <subfield code="r">2024-03-01</subfield>
    <subfield code="s">2024-02-16</subfield>
    <subfield code="w">2015-10-22</subfield>
    <subfield code="y">AVM</subfield>
  </datafield>
  <datafield tag="952" ind1=" " ind2=" ">
    <subfield code="0">0</subfield>
    <subfield code="1">0</subfield>
    <subfield code="2">ddc</subfield>
    <subfield code="4">0</subfield>
    <subfield code="6">AVM_EL_2011_000000000000000_B100_OR_8</subfield>
    <subfield code="7">0</subfield>
    <subfield code="9">11589</subfield>
    <subfield code="a">LBB</subfield>
    <subfield code="b">LBB</subfield>
    <subfield code="c">B100</subfield>
    <subfield code="d">2015-10-22</subfield>
    <subfield code="o">AVM EL 2011 B100 Or.8</subfield>
    <subfield code="p">RUA016416</subfield>
    <subfield code="r">2015-10-22</subfield>
    <subfield code="w">2015-10-22</subfield>
    <subfield code="y">AVM</subfield>
  </datafield>
</record>
